| 000 | 00952 a2200205 4500 | ||
|---|---|---|---|
| 003 | Nust | ||
| 005 | 20221209150609.0 | ||
| 020 | _a0-13-250432-4 (Prentice-Hall) | ||
| 020 | _a0-8359-1604-9 (Reston) ; | ||
| 040 | _cNust | ||
| 082 |
_a621.382,HAR _b0413 |
||
| 100 | 1 |
_aHardy, James K _9104570 |
|
| 245 | 1 | 0 |
_aElectronic communications technology / _cJames K. Hardy |
| 260 |
_aEnglewood Cliffs, N.J. : _bPrentice-Hall, _ccop. 1986 |
||
| 300 |
_a420p. : _bill. |
||
| 500 | _a"A Reston book." | ||
| 505 | _aIntroduction to Communications (Page-1), Components (Page-33), Filter Circuits (Page-67), Oscillators (Page-117), Amplitude Modulation (Page-147), Frequency and Phase Modulation (Page-183), Transmitters (Page-227), Receivers (Page-255), Phase-Locked Loops (Page-281), Transmission Lines (Page-313), Data Communications (Page-353), Antennas and Propagation (Page-389). | ||
| 650 | 0 |
_aTelecommunications engineering. _958485 |
|
| 942 |
_2ddc _cBK |
||
| 999 |
_c197588 _d197588 |
||